L'argumentation publicitaire : Rhétorique de l'éloge et de la persuasion (notice n° 1566204)
[ vue normale ]
| 000 -LEADER | |
|---|---|
| fixed length control field | 01737cam a2200145 4500500 |
| 005 - DATE AND TIME OF LATEST TRANSACTION | |
| control field | 20251214001509.0 |
| 041 ## - LANGUAGE CODE | |
| Language code of text/sound track or separate title | fre |
| 042 ## - AUTHENTICATION CODE | |
| Authentication code | dc |
| 100 10 - MAIN ENTRY--PERSONAL NAME | |
| Personal name | Adam, Jean-Michel |
| Relator term | author |
| 245 00 - TITLE STATEMENT | |
| Title | L'argumentation publicitaire : Rhétorique de l'éloge et de la persuasion |
| 260 ## - PUBLICATION, DISTRIBUTION, ETC. | |
| Name of publisher, distributor, etc. | Armand Colin,<br/> |
| Date of publication, distribution, etc. | 2012.<br/> |
| 520 ## - SUMMARY, ETC. | |
| Summary, etc. | Mais qu’est-ce qui peut, aujourd’hui, amener deux linguistes à accorder une telle importance à un domaine aussi particulier, aussi spécialisé et aussi commenté que celui du discours publicitaire ? En s’efforçant de rappeler certaines données de la rhétorique classique et d’introduire quelques outils descriptifs de la pragmatique et des linguistiques du texte et du discours contemporaines, les auteurs proposent, avant tout, d’aborder quelques aspects textuels et iconiques d’une forme particulière de discours argumentatif. En trois grandes parties, l’ouvrage offre aux étudiants, aux chercheurs et même aux professionnels en formation des pistes devenues classiques et d’autres plus originales, peut-être aussi plus techniques parfois, pour une approche des « textes-images » – ou iconotextes – publicitaires. Le corpus est constitué de plus de 200 énoncés publicitaires parus, pour l’essentiel, ces cinquante dernières années.Cette nouvelle édition offre des développements plus étendus et complétés par de nouveaux exemples afin de tenir compte de l’avancée des travaux dans le domaine, de quelques publications récentes et thèses soutenues, de l’évolution actuelle du discours publicitaire. |
| 700 10 - ADDED ENTRY--PERSONAL NAME | |
| Personal name | Bonhomme, Marc |
| Relator term | author |
| 856 41 - ELECTRONIC LOCATION AND ACCESS | |
| Uniform Resource Identifier | <a href="https://shs.cairn.info/l-argumentation-publicitaire--9782200278380?lang=fr&redirect-ssocas=7080">https://shs.cairn.info/l-argumentation-publicitaire--9782200278380?lang=fr&redirect-ssocas=7080</a> |
Pas d'exemplaire disponible.




Réseaux sociaux